The chief executive office and its responsibilities : Presidents Association anthology /

Bibliographic Details
Corporate Authors: Amacom, Presidents Association
Format: Book
Language:English
Published: [New York] : Amacom, [1975?]
Subjects:

MARC

Tag First Indicator Second Indicator Subfields
LEADER 00000pam a2200000 i 4500
001 in00000323607
005 20151010164853.0
008 750423c19751973nyua b 00010 eng
010 |a  75014115  
020 |a 0814453953 :  |c $14.95 
035 |a (OCoLC)01341570 
035 |9 ABJ8655AM 
040 |a DLC  |c DLC  |d TXA  |d UtOrBLW 
049 |a TXAM  |c [443529] 
050 0 0 |a HF5500.2  |b .A43 1975 
082 0 |a 658.4 
110 2 |a Amacom. 
245 1 4 |a The chief executive office and its responsibilities :  |b Presidents Association anthology /  |c the staff of Amacom. 
264 1 |a [New York] :  |b Amacom,  |c [1975?] 
264 4 |c ©1973 
300 |a xiv, 320 pages :  |b illustrations ;  |c 24 cm. 
336 |a text  |b txt  |2 rdacontent 
337 |a unmediated  |b n  |2 rdamedia 
338 |a volume  |b nc  |2 rdacarrier 
504 |a Includes bibliographical references. 
650 0 |a Executives. 
650 0 |a Executive ability. 
710 2 |a Presidents Association. 
999 |a MARS 
999 f f |s 898f0cff-bc3e-37a5-b97a-85c7e247c3e0  |i f4109ce8-7659-31b8-80d1-f6c911f1bf57  |t 0 
952 f f |p ric  |a Texas A&M University  |b Rellis Campus  |c Joint Library Facility  |d Remote Storage  |t 0  |e HF5500.2 .A43 1975  |h Library of Congress classification  |i unmediated -- volume  |m A14802805851 
998 f f |a HF5500.2 .A43 1975  |t 0  |l Remote Storage